000 00388nam a2200157Ia 4500
008 240729s9999 xx 000 0 und d
022 _a2673-4583
245 0 _aChemistry Proceedings
260 _aSwitzerland
260 _bMDPI AG
650 _a Chemistry
650 _aScience
856 _uhttps://doaj.org/toc/e7db27a24a4f454eb78ed6758c12894a
942 _2ddc
942 _cDOAJEJ
999 _c68353
_d68353
945 _a1
_bMadushi Gamage
_c1
_dMadushi Gamage